Čím prilákať zákazníka? Nepotravinársky tovar v malých supermarketoch

Malé supermarkety a ich tovarový sortiment. Vo svojich priestoroch ponúkajú dve tretiny potravinársky tovar a jednu tretinu nepotravinársky spotrebný tovar. Priblíženie ponuky širokého sortimentu tovaru k zákazníkovi. Správne umiestnenie nepotravinárskeho tovaru v predajni.

Gespeichert in:
Bibliographische Detailangaben
1. Verfasser: Zajacová, Eva
Format: Buchkapitel
Sprache:Slowakisch
Schlagworte:
Tags: Tag hinzufügen
Keine Tags, Fügen Sie das erste Tag hinzu!

MARC

LEADER 00000naa a2200000 4500
001 r027010
005 20230626070350.5
041 0 |a slo 
044 |a SK 
245 1 0 |a Čím prilákať zákazníka?  |b Nepotravinársky tovar v malých supermarketoch  |c E. Zajacová 
520 |a Malé supermarkety a ich tovarový sortiment. Vo svojich priestoroch ponúkajú dve tretiny potravinársky tovar a jednu tretinu nepotravinársky spotrebný tovar. Priblíženie ponuky širokého sortimentu tovaru k zákazníkovi. Správne umiestnenie nepotravinárskeho tovaru v predajni. 
610 2 0 |a supermarkety 
610 2 0 |a sortiment tovaru 
610 2 0 |a potraviny 
610 2 0 |a tovar spotrebný 
610 2 0 |a zákazníci 
610 2 0 |a ponuka 
610 2 0 |a sezónnosť 
100 1 |a Zajacová, Eva